| 000 | 00577nam a22001817a 4500 | ||
|---|---|---|---|
| 005 | 20251108164029.0 | ||
| 008 | 250721s1988 xx 000 0 ara d | ||
| 082 | 1 | 4 | _a210.47/قضا |
| 100 | 1 | _aالقضاة، أحمد مصطفى علي | |
| 245 | 1 | 0 |
_aالشريعة الإسلامية و الفنون : _bالتصوير - الموسيقى - الغناء - التمثيل. / |
| 264 | 1 |
_aبيروت : _bدار الجيل، _c1988. |
|
| 300 | _a443ص. | ||
| 650 | 1 | 7 | _aالإسلام |
| 650 | 1 | 7 | _aالفنون |
| 650 | 1 | 7 | _aالغناء |
| 942 |
_2ddc _cBK |
||
| 999 |
_c1860 _d1860 |
||